AH International Schools' Libraries

Normal view MARC view
  • Winnie-the-Pooh

Entry Personal Name

Number of records used in: 1

001 - CONTROL NUMBER

  • control field: 87206

003 - CONTROL NUMBER IDENTIFIER

  • control field: OSt

005 - DATE AND TIME OF LATEST TRANSACTION

  • control field: 20260209101632.0

008 - FIXED-LENGTH DATA ELEMENTS

  • fixed length control field: 260209|| aca||aabn | a|a d

040 ## - CATALOGING SOURCE

  • Original cataloging agency: OSt
  • Transcribing agency: OSt

100 ## - HEADING--PERSONAL NAME

  • Personal name: Winnie-the-Pooh
  • Titles and other words associated with a name: (Fictitious character)
  • Form subdivision: Pictorial works
  • Form subdivision: Juvenile fiction

670 ## - SOURCE DATA FOUND

  • Source citation: Work cat.: (OSt)50170: Riordan, Jane, author. 86026, It's friendly with two : Best friends together / , 2019.

For any Logos Library related questions please contact Miss Art at swongnarasuk@asianhope.org.

For any Asian Hope Library related questions please contact Miss Raza at graza@asianhope.org.

Click here to explore our ebooks!

Powered by Koha